000 00701nam a2200181 i 4500
001 60273
003 ES-MaACL
005 20230906164210.0
007 t|
008 031104s1912 sp a |||| |dspa d
100 1 _aEspresati, Carlos G.
_947945
245 1 3 _aLa casa del Greco
_b: conferencia pronunciada el día 16 de marzo de 1912 en la Escuela Especial de Ingenieros de Caminos, Canales y Puertos /
_cCarlos G. Espresati.
260 _aMadrid :
_b[s.n.],
_c1912 (
_fEst. Tip. Fortanet)
300 _a46 p. :
_bil. ;
_c24 cm.
610 2 _aCasa y Museo del Greco.
_9169664
710 2 _aEscuela Especial de Ingenieros de Caminos, Canales y Puertos (Madrid)
_9170634
852 _aES-MaACL
_jT-1328-F-8
999 _c60273
_d60273